| 000 | 00450nam a2200157Ia 4500 | ||
|---|---|---|---|
| 999 |
_c26062 _d26062 |
||
| 003 | OSt | ||
| 005 | 20201215155146.0 | ||
| 008 | 201215b ||||| |||| 00| 0 eng d | ||
| 040 | _coclc | ||
| 082 |
_a894.8124 _bMUN/K |
||
| 100 |
_91940 _aMundassery, Joseph |
||
| 245 |
_aKarinthiri / _cJoseph Mundassery |
||
| 260 |
_aThrissur: _bCurrent Books, _c1986. |
||
| 300 | _a102p | ||
| 942 |
_2ddc _cBK _h894.8124 _iMUN/K _k894.8124 _mMUN/K |
||